000 00264nam a22001097a 4500
008 170112b xxu||||| |||| 00| 0 eng d
020 _a9781605473239
041 _aeng
080 _23RD
_a618.2
245 _aTHEORETICAL BASIS FOR NURSING
_cMCEWEN, M
942 _2udc
_cBK
999 _c2776
_d2776